| 000 | 00000nam##2200000za#4500 |
| 001 | 9.558289 |
| 003 | CaOODSP |
| 005 | 20210624172320 |
| 007 | cr ||||||||||| |
| 008 | 150406|2002||||xxc|||||o f|0| 0 eng|d |
| 020 | |a0-662-33193-1 |
| 022 | |a1925-0886 |
| 040 | |aCaOODSP|beng |
| 043 | |an-cn--- |
| 086 | 1 |aH113-9/2002-3E-IN |
| 110 | 1 |aCanada. |bPest Management Regulatory Agency. |
| 245 | 10|aPymetrozine (TGAI), Endeavor 50WG, Fulfill 50WG |h[electronic resource] |
| 260 | |aOttawa - Ontario : |bHealth Canada. |c2002. |
| 300 | |a86p. |
| 490 | 1 |aProposed registration decision |x1925-0886|vPRDD 2002-03 |
| 590 | |a03-03|b2003-01-17 |
| 775 | 08|tPymétrozine (MAQT), Endeavor 50WG, Fulfill 50WG |w(CaOODSP)9.591186 |
| 776 | 0#|tPymetrozine (TGAI), Endeavor 50WG, Fulfill 50WG |w(CaOODSP)9.616181 |
| 830 | #0|aProposed registration decision,|x1925-0886|vPRDD 2002-03|w(CaOODSP)9.504464 |
| 856 | 40|ahttp://publications.gc.ca|qPDF|s300 KB|uhttps://publications.gc.ca/collections/Collection/H113-9-2002-3E.pdf|yPRDD 2002-03 |